Normal view
MARC view
Entry Personal Name
001 - CONTROL NUMBER
- control field: 259790
003 - CONTROL NUMBER IDENTIFIER
- control field: OSt
005 - DATE AND TIME OF LATEST TRANSACTION
- control field: 20260331105203.0
008 - FIXED-LENGTH DATA ELEMENTS
- fixed length control field: 260331|| aca||aabn | a|a d
040 ## - CATALOGING SOURCE
- Original cataloging agency: OSt
- Transcribing agency: OSt
100 ## - HEADING--PERSONAL NAME
- Personal name: A K Saxena
670 ## - SOURCE DATA FOUND
- Source citation: Work cat.: (OSt)241084: A K Saxena, Digital electronics, 2019